Statistics for 100 (well, 87) Largest US Cities - T

Click here to take the quiz!

General Stats

  • This quiz has been taken 168 times
  • The average score is 21 of 87

Answer Stats

RankPopulationCity% Correct
2404,636Tampa, FL
93%
1554,503Tucson, AZ
89%
3402,742Tulsa, OK
80%
5221,259Tacoma, WA
79%
5818,023Trenton, MI
79%
1882,401Trenton, NJ
79%
7613,395Trenton, OH
79%
7197,974Tallahassee, FL
77%
4268,609Toledo, OH
75%
11124,374Topeka, KS
70%
6203,923Tempe, AZ
55%
13109,619Tyler, TX
55%
2360,440Taylor, MI
48%
5917,779Taylor, TX
48%
14103,007Tuscaloosa, AL
48%
8145,688Thornton, CO
45%
9141,364Torrance, CA
44%
2952,126Texas City, TX
37%
3051,165Twin Falls, ID
33%
5518,829Troy, AL
32%
8410,533Troy, IL
32%
1684,054Troy, MI
32%
7513,578Troy, MO
32%
3148,754Troy, NY
32%
4326,739Troy, OH
32%
3438,432Tupelo, MS
32%
5618,538Thomasville, GA
31%
4426,727Thomasville, NC
31%
1782,987Temple, TX
30%
10125,881Thousand Oaks, CA
30%
4129,473Texarkana, AR
29%
3835,629Texarkana, TX
29%
15100,584Tracy, CA
27%
2460,316Terre Haute, IN
25%
12115,055Temecula, CA
23%
6815,902Traverse City, MI
19%
2559,405Taylorsville, UT
18%
3246,972Titusville, FL
18%
8710,108Taylorville, IL
16%
2074,101Turlock, CA
16%
1978,888Tustin, CA
16%
7015,341Talladega, AL
15%
6117,646Tiffin, OH
15%
3636,889Tucker, GA
15%
8011,302Tarrytown, NY
14%
2657,662Taunton, MA
13%
2167,940Tulare, CA
12%
7114,635Tonawanda, NY
11%
6217,487Tallmadge, OH
10%
6517,131Truckee, CA
10%
4725,477Twentynine Palms, CA
10%
6716,031The Dalles, OR
9%
2757,238Tigard, OR
9%
3537,465Tooele, UT
9%
5120,593Tukwila, WA
9%
6915,851Troutdale, OR
8%
5419,044Twinsburg, OH
8%
8510,489Tarboro, NC
7%
4625,783Tarpon Springs, FL
7%
7214,235Tehachapi, CA
7%
5220,239Terrell, TX
7%
7414,173Thibodaux, LA
7%
6417,144Tifton, GA
7%
2855,129Tinley Park, IL
7%
4033,676Torrington, CT
7%
4228,287Tualatin, OR
7%
5319,961Tullahoma, TN
7%
4824,742Tumwater, WA
7%
2267,269Tamarac, FL
5%
8111,131Town and Country, MO
5%
5718,207Tavares, FL
4%
3935,417Temple City, CA
4%
7314,191Tenafly, NJ
4%
8610,297Tipp City, OH
4%
7911,942Tomball, TX
4%
3735,976Trumbull, CT
4%
5023,563Trussville, AL
4%
8210,935Two Rivers, WI
4%
6617,049Tahlequah, OK
3%
6017,751Takoma Park, MD
3%
7812,273Tega Cay, SC
3%
4526,497Temple Terrace, FL
3%
3346,110The Colony, TX
3%
6317,257Tinton Falls, NJ
3%
4924,407Trotwood, OH
3%
7712,533Trophy Club, TX
2%
8310,772Totowa, NJ
1%

Score Distribution

Percentile by Number Answered

Percent of People with Each Score

Your Score History

You have not taken this quiz